000 00382nam a2200145Ia 4500
008 210210b1971 xxu||||| |||| 00| 0 eng d
082 _a530.12 PURQ
100 _aPURANIK(P G).
245 _aQuantum practical dynamics.
260 _aN D
_bS. Chand & Co. Ltd.
_c1971
300 _axi,315
650 _aQuantum Practicle Dynamics
690 _aQuantum Mechanics
906 _aSG00298
999 _c111859
_d111859